Women's employment (Registro nro. 42328)
[ vista simple ]
| 000 -CABECERA | |
|---|---|
| Longitud fija campo de control | 01152naa a2200289 c 4500 |
| 001 - NÚMERO DE CONTROL | |
| Número de control | 42328 |
| 003 - IDENTIFICADOR DE NÚMERO DE CONTROL | |
| Identificador del número de control | ES-MaCES |
| 005 - FECHA Y HORA DE LA ÚLTIMA TRANSACCIÓN | |
| Fecha y hora de la última transacción | 20111122101800.0 |
| 008 - CAMPO FIJO DE DESCRIPCIÓN FIJA--INFORMACIÓN GENERAL | |
| Códigos de información de longitud fija | 111122n2011 xxud t 000 | eng d |
| 035 ## - NÚMERO DE CONTROL DEL SISTEMA | |
| Número de control del sistema | CES20110012205v |
| 040 ## - FUENTE DE CATALOGACIÓN | |
| Centro catalogador de origen | ES-MaCES |
| Lengua de catalogación | spa |
| Centro transcriptor | ES-MaCES |
| 100 1# - ENCABEZAMIENTO PRINCIPAL--NOMBRE PERSONAL | |
| Nombre de persona | Cipollone, Angela |
| 9 (RLIN) | 9660 |
| 245 10 - MENCIÓN DE TÍTULO | |
| Título | Women's employment |
| Resto del título | : joining explanations based on individual characteristics and on contextual factors |
| Mención de responsabilidad, etc. | Angela Cipollone and Carlo D'Ippoliti |
| 650 #4 - ASIENTO SECUNDARIO DE MATERIA--TÉRMINO DE MATERIA | |
| Término de materia o nombre geográfico como elemento inicial | comparabilidad internacional |
| 9 (RLIN) | 30622 |
| 650 #4 - ASIENTO SECUNDARIO DE MATERIA--TÉRMINO DE MATERIA | |
| Término de materia o nombre geográfico como elemento inicial | análisis del mercado de mano de obra |
| 9 (RLIN) | 30745 |
| 650 #4 - ASIENTO SECUNDARIO DE MATERIA--TÉRMINO DE MATERIA | |
| Término de materia o nombre geográfico como elemento inicial | aspecto sociológico |
| 9 (RLIN) | 29077 |
| 650 #4 - ASIENTO SECUNDARIO DE MATERIA--TÉRMINO DE MATERIA | |
| Término de materia o nombre geográfico como elemento inicial | relación formación empleo |
| 9 (RLIN) | 29976 |
| 650 #4 - ASIENTO SECUNDARIO DE MATERIA--TÉRMINO DE MATERIA | |
| Término de materia o nombre geográfico como elemento inicial | indagación laboral |
| 9 (RLIN) | 29876 |
| 650 #4 - ASIENTO SECUNDARIO DE MATERIA--TÉRMINO DE MATERIA | |
| Término de materia o nombre geográfico como elemento inicial | planificación en función del género |
| 9 (RLIN) | 30645 |
| 650 #4 - ASIENTO SECUNDARIO DE MATERIA--TÉRMINO DE MATERIA | |
| Término de materia o nombre geográfico como elemento inicial | trabajadora |
| 9 (RLIN) | 28413 |
| 653 10 - TÉRMINO DE INDEXACIÓN--NO CONTROLADO | |
| Término no controlado | Relaciones laborales-Empleo |
| 700 1# - ENCABEZAMIENTO SECUNDARIO--NOMBRE PERSONAL | |
| Nombre de persona | D'Ippoliti, Carlo |
| 9 (RLIN) | 10316 |
| 773 0# - ENTRADA DE DOCUMENTO FUENTE | |
| Título | The American journal of Economics and Sociology |
| Parte(s) relacionada(s) | vol. 70, no. 3 (July 2011){10205 R. 079869}; p. 756-783 |
| Número de control del registro relacionado | (ES-MaCES)25221 |
| Itemnumber del ítem fuente | 43635 |
| 902 ## - CES. TIPO DE DOCUMENTO | |
| Tipodoc (006$c Sirtex) | ART Artículo de revista |
| 942 ## - ELEMENTOS KOHA | |
| Fuente de clasificaión o esquema | Clasificación propia del CES |
| Koha [por defecto] tipo de item | Artículos (1982-2017) |
| Parte de clasificación | 2.0. |
No hay ítems disponibles.
